[Event "Politiken Cup"]
[Site "Helsingor DEN"]
[Date "2009.07.23"]
[Round "7"]
[White "Tazbir,M"]
[Black "Arvola,B"]
[Result "1/2-1/2"]
[WhiteElo "2500"]
[BlackElo "2144"]
[EventDate "2009.07.18"]

1. e4 c5 2. Nf3 d6 3. d4 cxd4 4. Nxd4 Nf6 5. Nc3 a6 6. Bg5 e6 7. Be2 Be7 8.
Qd2 b5 9. a3 Bb7 10. Bxf6 Bxf6 11. O-O O-O 12. Rad1 Qb6 13. Kh1 Nd7 14. f4
Nc5 15. Qe3 Rac8 16. e5 dxe5 17. fxe5 Be7 18. Bf3 Na4 19. Nxa4 bxa4 20. Nf5
Qxe3 21. Nxe3 Bxf3 22. gxf3 Rb8 23. Rd7 Bc5 24. Nc4 Rfc8 25. Rfd1 Bf8 26.
R7d4 g6 27. R1d3 Rb5 28. b4 axb3 29. cxb3 Rcc5 30. a4 Rb4 31. Kg2 Rc8 32.
f4 Rcb8 33. Nd2 Rxd4 34. Rxd4 Bb4 35. Ne4 Be7 36. Rd3 h6 37. Kf3 g5 38.
fxg5 hxg5 39. Nd2 Kg7 40. Nc4 Kg6 41. Kg4 Rb4 42. h3 Bf8 43. h4 gxh4 44.
Kxh4 Be7+ 45. Kg4 Bg5 46. a5 Bc1 47. Rd6 Rxb3 48. Rxa6 Rb4 49. Rc6 Be3 50.
Kf3 Bg1 51. Ke4 Ra4 52. Kd3 Bf2 53. Kc2 Be1 54. a6 Kf5 55. Kb3 Ra1 56. Na3
Bf2 57. Rc7 Kxe5 58. a7 Bxa7 59. Rxa7 Kf6 60. Rc7 Rd1 61. Kc2 Rd5 62. Nb1
Kg6 63. Nd2 f5 64. Rc6 Kf6 65. Kd1 f4 66. Ke2 Kf5 67. Rc8 Ke5 68. Rf8 Rc5
69. Rf7 Rc3 70. Rf8 Rc5 71. Ra8 Kf5 72. Nf3 e5 73. Rf8+ Ke4 74. Ng5+ Kd5
75. Rd8+ Kc4 76. Kf3 Rd5 77. Rc8+ Kd4 78. Rc1 Ra5 79. Rd1+ Kc3 80. Ke4 Kc2
81. Rd8 Ra3 82. Kxe5 f3 83. Ne4 Rb3 84. Kf4 Rd3 85. Rc8+ Kb2 86. Kg3 Re3
87. Rc4 Rd3 88. Kf2 Kb3 89. Rc8 Kb2 90. Ng5 Rc3 91. Rd8 Kb3 92. Nxf3 Rc7
93. Ke3 Kc3 94. Ne5 Re7 95. Rc8+ Kb4 96. Kd4 Rb7 97. Rc1 Kb5 98. Kd5 Kb6
99. Rb1+ Kc7 100. Rc1+ Kb6 101. Nc4+ Ka7 102. Ra1+ Kb8 103. Ne5 Kc7 104.
Kc5 Rb2 105. Nc4 Rc2 106. Ra7+ Kb8 107. Rh7 Rc1 108. Kd5 Rc2 109. Nd6 Rc1
110. Ne4 Rc7 111. Rh8+ Rc8 112. Rh1 Ka7 113. Ra1+ Kb6 114. Rb1+ Kc7 115.
Nd6 Rb8 116. Rc1+ Kd7 117. Rh1 Rb2 118. Rh7+ Kd8 119. Nb7+ Ke8 120. Nc5
1/2-1/2

[Event "Politiken Cup"]
[Site "Helsingor DEN"]
[Date "2009.07.23"]
[Round "7"]
[White "Christensen,Bo"]
[Black "Brynell,S"]
[Result "1/2-1/2"]
[WhiteElo "2277"]
[BlackElo "2471"]
[EventDate "2009.07.18"]

1. e4 e6 2. Nf3 d5 3. e5 c5 4. b4 cxb4 5. d4 Bd7 6. a4 Nc6 7. Bd3 Nge7 8.
Nbd2 Nf5 9. Nb3 Be7 10. Qe2 h5 11. h4 Qc7 12. Bb2 Na5 13. Nxa5 Qxa5 14. Kf1
O-O-O 15. Nd2 Nxh4 16. Nb3 Qc7 17. c3 Ng6 18. g3 h4 19. Kg2 hxg3 20. fxg3
Rxh1 21. Kxh1 Kb8 22. cxb4 Bxb4 23. a5 Rh8+ 24. Kg2 Qd8 25. Qg4 Qg8 26. Rh1
Rxh1 27. Kxh1 Qh7+ 28. Kg1 Be7 29. Nc5 Bc8 30. Kg2 Qh6 31. Qd1 Bxc5 32.
dxc5 Qe3 33. Bxg6 fxg6 34. Bd4 Qe4+ 35. Kh2 Bd7 36. Qd2 Bb5 37. c6 bxc6 38.
Qb4 Qe2+ 39. Kg1 Qd1+ 40. Kh2 Qe2+ 41. Kg1 Qf1+ 42. Kh2 Qf7 43. a6 g5 44.
Qd6+ Kc8 45. Qc5 g4 46. Bf2 Qf5 47. Kg1 Qb1+ 48. Kh2 Qh7+ 49. Kg1 Qb1+ 50.
Kh2 Qh7+ 51. Kg1 Qb1+ 1/2-1/2

[Event "Politiken Cup"]
[Site "Helsingor DEN"]
[Date "2009.07.23"]
[Round "7"]
[White "Hansen,Mads3"]
[Black "Fries Nielsen,JO"]
[Result "0-1"]
[WhiteElo "2068"]
[BlackElo "2439"]
[EventDate "2009.07.18"]

1. e4 g6 2. d4 Bg7 3. Nc3 a6 4. f4 d6 5. Nf3 e6 6. Bd3 Ne7 7. O-O O-O 8.
Be3 Nd7 9. Qd2 c5 10. Rad1 cxd4 11. Nxd4 Nf6 12. h3 b5 13. f5 e5 14. Nb3
Bb7 15. Bg5 Kh8 16. Ne2 gxf5 17. Na5 f4 18. Bh4 Nxe4 19. Qb4 Qb6+ 20. Kh2
Nc6 21. Qxe4 f5 22. Qf3 Nxa5 23. Qh5 Qc6 24. Rg1 Qe8 25. Qg5 Qf7 26. c3
Rae8 27. Bc2 d5 28. Rge1 h6 0-1

[Event "Politiken Cup"]
[Site "Helsingor DEN"]
[Date "2009.07.23"]
[Round "7"]
[White "Flermoen,P"]
[Black "Berg,K"]
[Result "1-0"]
[WhiteElo "2027"]
[BlackElo "2432"]
[EventDate "2009.07.18"]

1. e4 g6 2. Nf3 Bg7 3. d4 d6 4. c3 Nf6 5. Bd3 O-O 6. O-O Nc6 7. Qc2 e5 8.
a3 Nh5 9. dxe5 dxe5 10. Rd1 Nf4 11. Bxf4 exf4 12. Be2 Qe7 13. Nd4 Nxd4 14.
cxd4 Rd8 15. Nc3 c6 16. e5 Bf5 17. Ne4 Rd7 18. f3 Qd8 19. Qc3 Bxe4 20. fxe4
Qb6 21. Bg4 Re7 22. Kh1 Rd8 23. b4 h5 24. Bh3 Ree8 25. Qc4 a6 26. a4 a5 27.
bxa5 Qxa5 28. Rab1 Re7 29. e6 fxe6 30. Bxe6+ Kh7 31. d5 Qc7 32. Rdc1 Qe5
33. a5 Qd4 34. Qxd4 Bxd4 35. a6 Be3 36. Rxb7 Rxb7 37. axb7 Bxc1 38. Bc8 f3
39. b8=Q f2 40. Qc7+ Kh6 41. Ba6 1-0

[Event "Politiken Cup"]
[Site "Helsingor DEN"]
[Date "2009.07.23"]
[Round "7"]
[White "Laursen,N1"]
[Black "Antonsen,M"]
[Result "1/2-1/2"]
[WhiteElo "2191"]
[BlackElo "2438"]
[EventDate "2009.07.18"]

1. e4 e6 2. d4 d5 3. Nc3 Bb4 4. e5 c5 5. a3 Bxc3+ 6. bxc3 Ne7 7. Qg4 O-O 8.
Bd3 Nbc6 9. Qh5 Ng6 10. Nf3 Qc7 11. Be3 c4 12. Bxg6 fxg6 13. Qg4 Qf7 14.
Kd2 Bd7 15. h4 h6 16. Ng1 Ne7 17. Rh3 b5 18. Ne2 Qf5 19. Rg3 Kh7 20. Nf4 a5
21. Qxf5 Rxf5 22. Rg4 Ra6 23. Rg3 Rf8 24. Rb1 Rb8 25. Rg4 Be8 26. Rg3 Bf7
27. Rf3 Kg8 28. Rg3 Rab6 29. Rg4 Kh7 30. Rg3 Nc6 31. Rf3 R8b7 32. Ne2 Kg8
33. Rg3 Ra6 34. Rh3 Ne7 35. Rg3 Be8 36. Rh3 Bf7 37. Rhh1 Rab6 38. Rb2 Be8
39. Rbb1 Ra6 40. Rb2 Nc8 41. Rbb1 Nb6 42. g4 Nc8 43. f4 Ne7 44. Rhf1 h5 45.
g5 Rab6 46. Kc1 Nc6 47. Bd2 Kf7 48. Rf3 Ke7 49. Rh3 Kf7 50. Rg3 Bd7 51. Rh3
Rb8 52. Rg3 Bc8 53. Re3 Ba6 54. Rb2 Ke7 55. Rb1 Kd7 56. Rb2 Rf8 57. Kd1 Ne7
58. Rf3 Rbb8 59. Rh3 Nc6 60. Rb1 Kc7 61. Rb2 Rb7 62. Rb1 Kb8 63. Rb2 Rbf7
64. Rb1 Ka7 65. Rb2 Kb8 66. Rb1 Rb7 67. Rb2 Kc7 68. Rb1 Kd7 69. Rb2 Rfb8
70. Rb1 Rf8 71. Rb2 Ne7 72. Rb1 Nf5 73. Rb2 Rfb8 74. Rb1 Rc8 75. Rb2 Rcc7
76. Rb1 Rc8 77. Rb2 Rcc7 78. Rb1 Rc8 1/2-1/2

[Event "Politiken Cup"]
[Site "Helsingor DEN"]
[Date "2009.07.23"]
[Round "7"]
[White "Kristiansen,Jen"]
[Black "Rossen,C"]
[Result "1-0"]
[WhiteElo "2435"]
[BlackElo "2188"]
[EventDate "2009.07.18"]

1. d4 Nf6 2. Nf3 g6 3. c4 Bg7 4. Nc3 d5 5. Bg5 Ne4 6. Bh4 Nxc3 7. bxc3 c5
8. e3 O-O 9. cxd5 cxd4 10. cxd4 Qxd5 11. Bxe7 Re8 12. Bh4 Bg4 13. Be2 Qa5+
14. Qd2 Qxd2+ 15. Kxd2 Nc6 16. Rab1 Na5 17. Rhc1 Bf8 18. Ne5 Bf5 19. Bd3
Be6 20. Nc4 Nc6 21. Rxb7 Nxd4 22. exd4 Bh6+ 23. Ne3 Bxa2 24. Ra1 Bd5 25.
Rd7 Be6 26. Rdxa7 Rab8 27. Rb1 1-0

[Event "Politiken Cup"]
[Site "Helsingor DEN"]
[Date "2009.07.23"]
[Round "7"]
[White "Lund,E"]
[Black "Engelbert,C"]
[Result "1-0"]
[WhiteElo "2412"]
[BlackElo "2185"]
[EventDate "2009.07.18"]

1. d4 g6 2. e4 Bg7 3. c4 d6 4. Nc3 e5 5. dxe5 dxe5 6. Qxd8+ Kxd8 7. f4 Nc6
8. Nf3 Nd4 9. Bd3 Nxf3+ 10. gxf3 c6 11. fxe5 Bxe5 12. Be3 Ne7 13. f4 Bxc3+
14. bxc3 b6 15. c5 Kc7 16. Rb1 b5 17. Bd4 Rd8 18. Be5+ Kd7 19. O-O Ke8 20.
Bd6 Be6 21. a4 bxa4 22. f5 Bb3 23. Ba6 Rd7 24. f6 Ng8 25. e5 Nh6 26. Rf4
Nf5 27. Rb4 Be6 28. Rxa4 Nxd6 29. exd6 Kf8 30. Rab4 Bd5 31. c4 Be4 32. Re1
Bf5 33. Rb7 Re8 34. Re7 Red8 35. Rxa7 Rxa7 36. Rxa7 h5 37. Rc7 Ra8 38. d7
1-0

[Event "Politiken Cup"]
[Site "Helsingor DEN"]
[Date "2009.07.23"]
[Round "7"]
[White "Holst,C"]
[Black "Bulski,K"]
[Result "1-0"]
[WhiteElo "2159"]
[BlackElo "2392"]
[EventDate "2009.07.18"]

1. d4 Nf6 2. c4 e6 3. Nc3 Bb4 4. e3 O-O 5. Bd3 b6 6. Nf3 Bb7 7. O-O Bxc3 8.
bxc3 Ne4 9. Qc2 f5 10. Nd2 Nxd2 11. Bxd2 d6 12. f4 Nd7 13. e4 g6 14. Rae1
Nf6 15. exf5 exf5 16. d5 c6 17. Be3 Rc8 18. Bd4 cxd5 19. cxd5 Bxd5 20. Bxf5
gxf5 21. Qxf5 Bc4 22. Rf3 Kh8 23. Rg3 Bg8 24. Re8 1-0

[Event "Politiken Cup"]
[Site "Helsingor DEN"]
[Date "2009.07.23"]
[Round "7"]
[White "Kragh,N"]
[Black "Thorfinnsson,Br"]
[Result "0-1"]
[WhiteElo "2140"]
[BlackElo "2377"]
[EventDate "2009.07.18"]

1. e4 c5 2. Nf3 Nc6 3. Nc3 g6 4. d4 cxd4 5. Nxd4 Bg7 6. Be3 Nf6 7. Bc4 Qa5
8. O-O O-O 9. Nb3 Qc7 10. Be2 d6 11. f4 Rd8 12. g4 e6 13. Qd2 a6 14. Rad1
b5 15. g5 Ne8 16. Bf3 Rb8 17. Qf2 a5 18. a4 Ba6 19. axb5 Bxb5 20. Be2 Bxe2
21. Qxe2 Ne7 22. Bd4 Rb4 23. Bxg7 Nxg7 24. Ra1 d5 25. Nxa5 Rxb2 0-1

[Event "Politiken Cup"]
[Site "Helsingor DEN"]
[Date "2009.07.23"]
[Round "7"]
[White "Ochsner,B"]
[Black "Burmeister,R"]
[Result "1/2-1/2"]
[WhiteElo "2119"]
[BlackElo "2333"]
[EventDate "2009.07.18"]

1. e4 e6 2. d4 d5 3. Nc3 Bb4 4. e5 c5 5. a3 Ba5 6. b4 cxd4 7. bxa5 dxc3 8.
Qg4 Ne7 9. Qxg7 Rg8 10. Qxh7 Qc7 11. Nf3 Nbc6 12. Bf4 Bd7 13. a6 O-O-O 14.
Bd3 Nf5 15. Bxf5 exf5 16. Qxf7 Rge8 17. O-O Be6 18. axb7+ Qxb7 19. Qxb7+
Kxb7 20. Rfd1 d4 21. Rab1+ Ka6 22. h3 Ba2 1/2-1/2

[Event "Politiken Cup"]
[Site "Helsingor DEN"]
[Date "2009.07.23"]
[Round "7"]
[White "Bejtovic,J"]
[Black "Struch,T"]
[Result "1-0"]
[WhiteElo "2307"]
[BlackElo "2154"]
[EventDate "2009.07.18"]

1. e4 e5 2. Nf3 Nc6 3. d4 exd4 4. Nxd4 Nf6 5. Nxc6 bxc6 6. e5 Qe7 7. Qe2
Nd5 8. c4 Nb6 9. Nc3 Qe6 10. Qe4 g6 11. Bd3 Bg7 12. f4 O-O 13. O-O Ba6 14.
b3 d5 15. cxd5 cxd5 16. Qe2 Bxd3 17. Qxd3 c6 18. Ba3 Rfd8 19. Ne2 Rdc8 20.
Nd4 Qe8 21. Rac1 a5 22. Bc5 Nd7 23. Bd6 Nf8 24. f5 Bxe5 25. fxg6 hxg6 26.
Rce1 Bxd4+ 27. Qxd4 Qd7 28. Re7 Qxd6 29. Rfxf7 Ne6 30. Rg7+ 1-0

[Event "Politiken Cup"]
[Site "Helsingor DEN"]
[Date "2009.07.23"]
[Round "7"]
[White "Andersson,C"]
[Black "Matthiesen,M"]
[Result "0-1"]
[WhiteElo "2136"]
[BlackElo "2305"]
[EventDate "2009.07.18"]

1. e4 c5 2. c3 Nf6 3. e5 Nd5 4. d4 cxd4 5. Nf3 e6 6. cxd4 d6 7. Bc4 Nc6 8.
O-O Be7 9. Nbd2 O-O 10. Ne4 dxe5 11. dxe5 Qc7 12. Bxd5 Rd8 13. Bf4 exd5 14.
Neg5 Bf8 15. Nxh7 Bf5 16. Nxf8 Kxf8 17. Nh4 Bh7 18. Qh5 Kg8 19. Rfe1 d4 20.
Nf5 Qd7 21. Nxg7 Kxg7 22. Bh6+ Kh8 23. Qg5 f5 24. exf6 Qf7 25. Qh4 Re8 26.
Red1 Re4 27. Bg7+ Kg8 28. Qg3 Rae8 29. f3 Re2 30. b4 d3 31. Bh6+ Qg6 32.
Bg5 Nd4 33. h4 Ne6 34. f4 Qh5 35. Qh3 Be4 36. g4 Qf7 37. Rxd3 Qc7 38. Rf3
Qc2 39. Qf1 Bxf3 40. Qxf3 Nxg5 41. Qd5+ Kh8 0-1

[Event "Politiken Cup"]
[Site "Helsingor DEN"]
[Date "2009.07.23"]
[Round "7"]
[White "Skovgaard,Pe2"]
[Black "Jiretorn,E"]
[Result "1/2-1/2"]
[WhiteElo "2258"]
[BlackElo "2150"]
[EventDate "2009.07.18"]

1. e4 c5 2. Nf3 Nc6 3. d4 cxd4 4. Nxd4 g6 5. c4 Nf6 6. Nc3 Nxd4 7. Qxd4 Bg7
8. e5 Ng8 9. c5 Nh6 10. Bxh6 Bxh6 11. e6 O-O 12. exf7+ Rxf7 13. Qh4 Qf8 14.
Rd1 Rf4 15. g4 d6 16. cxd6 exd6 17. Nd5 Re4+ 18. Be2 g5 19. Qg3 Bxg4 20.
Ne3 Bxe2 21. Kxe2 Rd8 22. Rd5 Qf6 23. Rhd1 Re6 24. R1d2 Qf4 25. R2d4 Qxg3
26. hxg3 Kf7 27. Kd3 Kg6 28. f4 gxf4 29. gxf4 Kf7 30. Rc4 Rd7 31. Ng4 Bg7
32. Rf5+ Ke7 33. Rh5 h6 34. f5 Re1 35. Kd2 Rb1 36. Re4+ Kf7 37. Nxh6+ Bxh6+
38. Rxh6 Rxb2+ 39. Kd3 Rg2 40. f6 d5 41. Re1 Rg3+ 42. Kd4 Rg4+ 43. Ke5 Re4+
44. Rxe4 dxe4 45. Rh7+ Ke8 46. Rh4 Kf7 47. Rxe4 Rc7 48. Rf4 b5 49. Rh4 Rc5+
50. Kd6 Rc2 51. Rh7+ Kxf6 52. Rxa7 b4 53. Kd5 Rc3 54. Ra6+ Ke7 55. Re6+ Kd7
56. Re2 b3 57. a4 Rc2 58. Re4 Ra2 59. Rb4 b2 60. Kc5 1/2-1/2

[Event "Politiken Cup"]
[Site "Helsingor DEN"]
[Date "2009.07.23"]
[Round "7"]
[White "Seegert,K"]
[Black "Hess,C1"]
[Result "1-0"]
[WhiteElo "2103"]
[BlackElo "2257"]
[EventDate "2009.07.18"]

1. e4 c6 2. d4 d5 3. Nc3 dxe4 4. Nxe4 Bf5 5. Ng3 Bg6 6. h4 h6 7. N1e2 Nf6
8. Nf4 Bh7 9. Bc4 e6 10. O-O Bd6 11. Re1 O-O 12. Ngh5 Nxh5 13. Nxh5 Qxh4
14. g3 Qe7 15. Qg4 Bg6 16. Bd3 Nd7 17. Bxh6 Nf6 18. Nxf6+ Qxf6 19. Bxg6
gxh6 20. Bd3+ Qg5 21. Qe4 Qg7 22. Kg2 Rae8 23. Bc4 c5 24. Rh1 Qxd4 25. Qe2
Qe5 26. Qd2 Qe4+ 27. Kg1 Bxg3 28. fxg3 Qxc4 29. Rh4 1-0

[Event "Politiken Cup"]
[Site "Helsingor DEN"]
[Date "2009.07.23"]
[Round "7"]
[White "Lindberg,H"]
[Black "Nielsen,Ni"]
[Result "1/2-1/2"]
[WhiteElo "2240"]
[BlackElo "2145"]
[EventDate "2009.07.18"]

1. e4 c5 2. Nf3 Nc6 3. d4 cxd4 4. Nxd4 Nf6 5. Nc3 e5 6. Ndb5 d6 7. Bg5 a6
8. Na3 b5 9. Nd5 Be7 10. Bxf6 Bxf6 11. c3 O-O 12. Nc2 Rb8 13. Bd3 Be6 14.
h4 Be7 15. Nce3 a5 16. a3 Qd7 17. b4 Bd8 18. Qe2 Ne7 19. Nxe7+ Bxe7 20. g3
Rfc8 21. Rc1 axb4 22. axb4 g6 23. O-O f5 24. exf5 gxf5 25. f4 e4 26. Bb1
Bf6 27. Qd2 Kh8 28. Kh2 Qf7 29. Rf2 d5 30. Ba2 Rd8 31. Nc2 Rg8 32. Nd4 Bxh4
33. gxh4 Qh5 34. Kh1 Rg3 35. Nxe6 Rd3 36. Qe2 Rh3+ 37. Kg1 Qxh4 38. Rh2
Rg8+ 39. Kh1 Qg3 40. Rf1 Rg4 41. Bxd5 Rgh4 42. Rff2 e3 43. Ng5 Qxf2 44.
Nxh3 Rxh3 45. Qxf2 exf2 46. Bg2 Rxc3 47. Bf1 Rf3 48. Rh3 Rxf4 49. Kg2 Rxb4
50. Rh5 Rb2 1/2-1/2

[Event "Politiken Cup"]
[Site "Helsingor DEN"]
[Date "2009.07.23"]
[Round "7"]
[White "Svane,R"]
[Black "Solberg,J"]
[Result "1/2-1/2"]
[WhiteElo "2080"]
[BlackElo "2222"]
[EventDate "2009.07.18"]

1. e4 c5 2. Nf3 e6 3. c3 d5 4. exd5 exd5 5. d4 Nc6 6. Bb5 Bd6 7. O-O Nge7
8. dxc5 Bxc5 9. Nbd2 O-O 10. Nb3 Bd6 11. Nbd4 Bg4 12. Be3 Nxd4 13. Bxd4 Nf5
14. Be2 Nxd4 15. Qxd4 Be6 16. Rad1 Qc7 17. Rfe1 h6 18. Bf1 a6 19. g3 Rfe8
20. Bg2 Rad8 21. Qd3 Qb6 22. Rd2 a5 23. Nd4 Bc5 24. Nb3 Be7 25. Nd4 Bc5 26.
Qc2 Rc8 27. Qb3 Rcd8 28. Qxb6 Bxb6 29. Bf3 Kf8 30. Red1 g5 31. a4 Re7 32.
c4 Red7 33. Nxe6+ fxe6 34. cxd5 exd5 35. Rxd5 Rxd5 36. Bxd5 Kg7 37. Kf1 Bc5
38. Bb3 Rxd1+ 39. Bxd1 Bd4 40. b3 b6 41. Be2 Kf6 42. Bc4 Bc5 43. f3 Bd4 44.
Kg2 Bc5 45. Kh3 Bg1 46. Kg2 Be3 47. Kh3 Kg7 48. Kg2 1/2-1/2

[Event "Politiken Cup"]
[Site "Helsingor DEN"]
[Date "2009.07.23"]
[Round "7"]
[White "Johansson,Th1"]
[Black "Tallaksen,L"]
[Result "1/2-1/2"]
[WhiteElo "2208"]
[BlackElo "2081"]
[EventDate "2009.07.18"]

1. e4 e5 2. f4 Bc5 3. Nc3 d6 4. Nf3 Nc6 5. Bb5 Bg4 6. Bxc6+ bxc6 7. fxe5
dxe5 8. h3 Bxf3 9. Qxf3 Ne7 10. b3 O-O 11. Bb2 Qd6 12. h4 Rad8 13. O-O-O
Ba3 14. h5 Nc8 15. h6 g6 16. Kb1 f6 17. Ba1 Nb6 18. Rh3 a5 19. Qe2 Qc5 20.
Rf1 a4 21. Rhf3 axb3 22. cxb3 Qe7 23. Nd1 Qe6 24. Ne3 Be7 25. Bc3 Ra8 26.
g4 Rfb8 27. g5 fxg5 28. Rf7 Rf8 29. Rg7+ Kh8 30. Rh1 Rf7 31. Qg4 Qxg4 32.
Nxg4 Rxg7 33. Bxe5 Bf8 34. Rf1 Kg8 35. Nf6+ Kh8 36. Ng4 Kg8 37. hxg7 Bxg7
38. Bxc7 Nd7 39. a4 Nc5 40. Kc2 Nxe4 41. Re1 Nc5 1/2-1/2

[Event "Politiken Cup"]
[Site "Helsingor DEN"]
[Date "2009.07.23"]
[Round "7"]
[White "Rostgaard,T"]
[Black "Tadjerbashi,A"]
[Result "0-1"]
[WhiteElo "2051"]
[BlackElo "2193"]
[EventDate "2009.07.18"]

1. c4 Nf6 2. Nc3 c6 3. Nf3 d5 4. d4 e6 5. cxd5 exd5 6. Bg5 Be7 7. Qc2 g6 8.
e3 Bf5 9. Bd3 Bxd3 10. Qxd3 Nbd7 11. O-O O-O 12. a3 a5 13. Rab1 Re8 14. Bf4
Bf8 15. Rfc1 Ne4 16. Nd2 Nxd2 17. Qxd2 b5 18. a4 b4 19. Ne2 c5 20. dxc5
Nxc5 21. Qd1 Qd7 22. b3 Rac8 23. f3 Bg7 24. Rc2 Ne6 25. Rd2 Red8 26. e4 d4
27. Be3 d3 28. Nc1 Rc3 29. Kh1 Bd4 30. Rxd3 Rxd3 31. Qxd3 Bxe3 32. Qxe3
Qd1+ 33. Qg1 Qc2 0-1

[Event "Politiken Cup"]
[Site "Helsingor DEN"]
[Date "2009.07.23"]
[Round "7"]
[White "Ask,J"]
[Black "Jensen,Mi"]
[Result "1-0"]
[WhiteElo "2191"]
[BlackElo "2044"]
[EventDate "2009.07.18"]

1. d4 f5 2. Bg5 h6 3. Bh4 g5 4. e3 Nf6 5. Bg3 d6 6. Nc3 Bg7 7. h4 g4 8. h5
c5 9. d5 Qa5 10. Qd2 a6 11. Nge2 b5 12. f3 Nbd7 13. Nf4 Ne5 14. Be2 Nh7 15.
Ne6 Bxe6 16. dxe6 gxf3 17. gxf3 Ng5 18. Qd5 O-O 19. Kf2 Qb4 20. Rab1 Nc4
21. a3 Qa5 22. Bxc4 bxc4 23. Qxc4 Bxc3 24. bxc3 Qc7 25. Bf4 Qc6 26. Bxg5
hxg5 27. Rbg1 g4 28. Qf4 Kh7 29. h6 Rf6 30. Rh5 Qd5 31. fxg4 Qd2+ 32. Kg3
fxg4 33. Qe4+ Kh8 34. Qxa8+ Kh7 35. Qe4+ Kh8 36. Rh2 Qxc3 37. Rb1 Rf3+ 38.
Kxg4 Rf8 39. Qg6 Qc4+ 40. e4 1-0

[Event "Politiken Cup"]
[Site "Helsingor DEN"]
[Date "2009.07.23"]
[Round "7"]
[White "Guttulsrud,O"]
[Black "Rantanen,Y"]
[Result "0-1"]
[WhiteElo "2030"]
[BlackElo "2376"]
[EventDate "2009.07.18"]

1. e4 c5 2. Nf3 g6 3. d4 cxd4 4. Nxd4 Bg7 5. c4 Qb6 6. Nb3 d6 7. Nc3 Bxc3+
8. bxc3 Nf6 9. Bd3 Nbd7 10. Be3 Qc7 11. f4 b6 12. O-O Ba6 13. Qe2 Rc8 14.
Nd2 Nc5 15. Bc2 O-O 16. Bd4 Nfd7 17. Be3 Nb7 18. Qg4 Na5 19. Rf3 Nxc4 20.
Nxc4 Bxc4 21. Rh3 Nf6 22. Qh4 Be6 23. f5 Qxc3 24. Rf1 Bc4 25. Rc1 Qb2 26.
Qh6 Bxa2 27. Bg5 Qd4+ 28. Be3 Qe5 29. Rd1 Rxc2 30. Bd4 Qxe4 31. Rf3 Qg4 0-1

[Event "Politiken Cup"]
[Site "Helsingor DEN"]
[Date "2009.07.23"]
[Round "7"]
[White "Brondum,E"]
[Black "Andersen,Mad"]
[Result "0-1"]
[WhiteElo "2122"]
[BlackElo "2336"]
[EventDate "2009.07.18"]

1. e4 c5 2. Nf3 e6 3. d3 Nc6 4. g3 g6 5. Bg2 Bg7 6. O-O Nge7 7. Re1 e5 8.
Nc3 d6 9. h3 O-O 10. a3 h6 11. Rb1 a5 12. Nd5 f5 13. Nxe7+ Nxe7 14. c3 fxe4
15. dxe4 a4 16. Be3 Be6 17. Qd2 Kh7 18. Rbd1 Bb3 19. Qxd6 Bxd1 20. Rxd1 b6
21. Rd2 Qxd6 22. Rxd6 Rf6 23. Rd7 Nc6 24. Nd2 Rd8 25. Rb7 Na5 26. Ra7 Rfd6
27. Nf3 R8d7 28. Ra8 Nc4 29. Rxa4 Rd1+ 30. Kh2 Nxb2 31. Ra6 Nc4 32. h4 Rf7
33. h5 gxh5 34. Nh4 Ra1 35. a4 Ra3 36. Nf5 Rxc3 37. Bf3 Nxe3 38. fxe3 Rc2+
39. Kh3 Rb2 40. Bxh5 Rc7 41. a5 bxa5 42. Bg6+ Kg8 43. Ra8+ Bf8 44. Rxa5 c4
45. Ra8 c3 46. Kg4 Rh2 0-1

[Event "Politiken Cup"]
[Site "Helsingor DEN"]
[Date "2009.07.23"]
[Round "7"]
[White "Nielsen,JanM"]
[Black "Aabling Thomsen,J"]
[Result "1/2-1/2"]
[WhiteElo "2115"]
[BlackElo "2344"]
[EventDate "2009.07.18"]

1. d4 Nf6 2. c4 g6 3. Nc3 d5 4. Nf3 Bg7 5. Qb3 dxc4 6. Qxc4 a6 7. e4 b5 8.
Qb3 O-O 9. Be2 c5 10. dxc5 Nc6 11. Bg5 Be6 12. Qc2 Qc7 13. a3 Rfd8 14. O-O
Ng4 15. g3 Nge5 16. Be3 Na5 17. Nxe5 Bb3 18. Qc1 Bxe5 19. Nd5 Bxd5 20. exd5
Nb3 21. Qd1 Nxa1 22. Qxa1 Rxd5 23. Bf3 Rad8 24. Bxd5 Rxd5 25. Qa2 Qc6 26.
b4 Rd3 27. Qe2 Qd5 28. c6 h5 29. Bb6 h4 30. c7 Bxc7 31. Bxc7 h3 32. f3 Rd2
33. Qe4 Qa2 34. f4 Rg2+ 35. Kh1 Rxh2+ 36. Kg1 Rg2+ 37. Kh1 Rxg3 38. Rg1
Qxa3 39. Be5 Rxg1+ 40. Kxg1 Qg3+ 41. Kh1 Kh7 42. Bd4 Kh6 43. Bg1 f5 44. Qe2
e6 45. Bc5 Kh7 46. Qd2 Kh6 47. Qe2 Qg4 48. Qf1 g5 49. Be3 Kh5 50. Kh2 e5
51. fxe5 f4 52. Bf2 Kg6 1/2-1/2

[Event "Politiken Cup"]
[Site "Helsingor DEN"]
[Date "2009.07.23"]
[Round "7"]
[White "Hansen,Herl"]
[Black "Matthiesen,A"]
[Result "0-1"]
[WhiteElo "2071"]
[BlackElo "2324"]
[EventDate "2009.07.18"]

1. d4 d5 2. c4 c6 3. Nf3 dxc4 4. Nc3 Nf6 5. a4 Bf5 6. Ne5 e6 7. Nxc4 c5 8.
dxc5 Qxd1+ 9. Nxd1 Bxc5 10. f3 Nc6 11. Be3 Bb4+ 12. Kf2 e5 13. Bd2 Bxd2 14.
Nxd2 O-O-O 15. Nc4 Be6 16. Nde3 Rd4 17. Rc1 Kb8 18. g3 Rhd8 19. Bg2 Nd5 20.
Nxd5 Bxd5 21. b3 Bxc4 22. bxc4 Na5 23. f4 exf4 24. Bd5 Rc8 25. e4 fxe3+ 26.
Kxe3 Rg4 27. Kf3 Rg6 28. Rb1 a6 29. Rhe1 Rc7 30. Re4 Ka7 31. Rf4 Rb6 32.
Rxb6 Kxb6 33. Bxf7 Nb3 34. Bg8 Nc5 35. Bxh7 Nxa4 36. Bg8 Nb2 37. Ke3 a5 38.
Kd4 Na4 39. Rf2 Nc5 40. Rb2+ Ka6 41. Rb5 b6 42. Rb1 a4 43. Kc3 Re7 44. Kd2
a3 45. Kd1 Re3 46. Ra1 Ka5 47. Bh7 Kb4 48. Bc2 Kxc4 49. Bg6 Kb4 50. Bf7 b5
51. Ba2 Nb3 0-1

[Event "Politiken Cup"]
[Site "Helsingor DEN"]
[Date "2009.07.23"]
[Round "7"]
[White "Hobber,A"]
[Black "Christensen,St"]
[Result "1/2-1/2"]
[WhiteElo "2042"]
[BlackElo "2283"]
[EventDate "2009.07.18"]

1. e4 e6 2. d4 d5 3. exd5 exd5 4. Nf3 Bd6 5. c4 c6 6. cxd5 cxd5 7. Nc3 Ne7
8. Bd3 Nbc6 9. O-O O-O 10. h3 a6 11. Ne2 Ng6 12. Re1 Bc7 13. Bxg6 fxg6 14.
Nc3 Qd6 15. Ne5 Bf5 16. Bf4 Bxh3 17. Bg3 Bf5 18. Nxc6 1/2-1/2

[Event "Politiken Cup"]
[Site "Helsingor DEN"]
[Date "2009.07.23"]
[Round "7"]
[White "Veng,J"]
[Black "Andersen,L2 DEN"]
[Result "1-0"]
[WhiteElo "2243"]
[BlackElo "2113"]
[EventDate "2009.07.18"]

1. e4 e6 2. d3 d5 3. Nd2 Nf6 4. Ngf3 c5 5. g3 Be7 6. Bg2 Nc6 7. O-O O-O 8.
Re1 b5 9. e5 Nd7 10. h4 a5 11. Nf1 b4 12. N1h2 Ba6 13. Ng4 Rc8 14. c3 a4
15. a3 bxc3 16. bxc3 Qa5 17. Qc2 d4 18. c4 h5 19. Bd2 Qc7 20. Ngh2 Nb6 21.
Rab1 Rb8 22. Ng5 Bxg5 23. Bxg5 Nxe5 24. Bf4 f6 25. Bxe5 fxe5 26. Qe2 Nd7
27. Rxb8 Qxb8 28. Qxh5 Rf5 29. Qe2 Qb3 30. Nf3 Bb7 31. Nd2 Bxg2 32. Nxb3
Bf3 33. Qb2 axb3 34. Qxb3 g5 35. Qb5 Rf7 36. Rxe5 Nxe5 37. Qb8+ 1-0

[Event "Politiken Cup"]
[Site "Helsingor DEN"]
[Date "2009.07.23"]
[Round "7"]
[White "Bratholm,P"]
[Black "Kovachev,D"]
[Result "1/2-1/2"]
[WhiteElo "2098"]
[BlackElo "2240"]
[EventDate "2009.07.18"]

1. d4 Nf6 2. Nf3 e6 3. Bg5 h6 4. Bh4 c5 5. e3 cxd4 6. exd4 b6 7. Bd3 Bb7 8.
Nbd2 Be7 9. c3 d6 10. O-O Nbd7 11. Re1 O-O 12. a4 a6 13. Nc4 Qc7 14. Qe2
Rfe8 15. Ne3 Nh5 16. Bg3 Nxg3 17. hxg3 Bf8 18. Bc2 Nf6 19. Nd2 Bc6 20. Qd3
g6 21. Qe2 Bg7 22. Ng4 Nxg4 23. Qxg4 b5 24. axb5 axb5 25. Qf4 Rxa1 26. Rxa1
Rb8 27. Ne4 e5 28. Nf6+ Kh8 29. Qh4 exd4 30. cxd4 Qe7 31. Be4 Bxe4 32. Nxe4
g5 33. Qg4 Bxd4 34. Rd1 Bxb2 35. Nxd6 Bg7 36. Qf5 Kg8 37. Nxb5 Qe5 38. Nd6
Qxf5 1/2-1/2

[Event "Politiken Cup"]
[Site "Helsingor DEN"]
[Date "2009.07.23"]
[Round "7"]
[White "Bjorneboe,K"]
[Black "Nielsen,LA"]
[Result "0-1"]
[WhiteElo "2041"]
[BlackElo "2233"]
[EventDate "2009.07.18"]

1. d4 b6 2. Nf3 Ba6 3. g3 e6 4. Bg2 Nf6 5. Nbd2 d5 6. Ne5 Be7 7. O-O O-O 8.
Re1 Nfd7 9. Nxd7 Nxd7 10. e4 c6 11. c3 Qc7 12. exd5 cxd5 13. Qa4 Bb7 14.
Nf3 Bd6 15. Bd2 Rab8 16. Rac1 b5 17. Qd1 Rfc8 18. Qe2 a5 19. Bh3 Re8 20.
Ng5 Nf8 21. Qh5 Qe7 22. Nf3 Qf6 23. Ne5 Bxe5 24. Rxe5 g6 25. Qg4 Nd7 26.
Ree1 Bc6 27. Bg5 Qg7 28. Qh4 f5 29. Bh6 Qf7 30. Qf4 Rbc8 31. Bf1 Nf6 32. f3
Qc7 33. Qxc7 Rxc7 34. Bf4 Rb7 35. Re3 Kf7 36. Rce1 Bd7 37. Bd6 Rc8 38. a4
bxa4 39. Ba6 Rxb2 40. Bxc8 Bxc8 41. Ra1 Ne8 42. Be5 Bd7 43. Ree1 Rb3 44.
Reb1 Ke7 45. Rc1 Bb5 46. Kf2 Nd6 47. Bxd6+ Kxd6 48. Ke3 Rb2 49. Rcb1 Re2+
50. Kf4 Bc6 51. h4 h6 52. Rb8 Ke7 53. Rb6 Kf6 54. g4 g5+ 55. hxg5+ hxg5+
56. Kg3 f4+ 57. Kh3 Be8 58. Rb8 Bg6 59. Rxa4 Rf2 60. Rxa5 Bd3 61. Ra1 Rxf3+
62. Kh2 Rg3 63. Ra7 Rxg4 64. Rf8+ Kg6 65. Rg8+ Kf5 66. Re7 Rh4+ 67. Kg2
Be4+ 68. Kf2 Kg4 69. Rxe6 Rh2+ 70. Kg1 Rg2+ 71. Kf1 Kf3 72. Re5 g4 73. Rge8
Rb2 74. Ke1 Ke3 75. Rxe4+ dxe4 0-1